000 00697nam a2200265Ia 4500
005 20260302115416.0
008 008 260114s9999 xx 000 0 eng d
020 _a9781350272439
037 _aTextbook
040 _aCRL
040 _beng
040 _cCRL
041 _2eng
041 _aeng
084 _qCRL
100 _aSarah E. Johnson and Georgina Lucas
_91121539
245 0 _aAtrocity and Early Modern Drama
260 _bBloomsbury
260 _bThe Arden Shakespeare
260 _c2025
650 _aLiterary Studies
856 _uhttps://doi.org/10.5040/9781350272439?locatt=label:secondary_bloomsburyCollections
942 _cEBOOK
999 _c1686116
_d1686116